[Event "22nd Abu Dhabi Masters"]
[Site "Abu Dhabi UAE"]
[Date "2015.08.29"]
[Round "7.45"]
[White "Ayyad,H"]
[Black "Bashirli,Nail"]
[Result "0-1"]
[WhiteTitle "FM"]
[BlackTitle "FM"]
[WhiteElo "2162"]
[BlackElo "2235"]
[WhiteFideId "11200243"]
[BlackFideId "13406809"]
[EventDate "2015.08.23"]

1. e4 c5 2. Nf3 d6 3. d4 cxd4 4. Qxd4 a6 5. h3 Nc6 6. Qe3 g6 7. Be2 Bg7 8. O-O
Nf6 9. c4 O-O 10. Nc3 Nd7 11. Rb1 Nde5 12. Rd1 Nxf3+ 13. Bxf3 Be6 14. Nd5 Qa5
15. a3 Bxd5 16. Rxd5 Qc7 17. b3 Rfd8 18. h4 e6 19. Rd1 h5 20. Qe2 Rac8 21. Be3
Qa5 22. a4 Kh7 23. g3 Bh6 24. Bd4 Bg7 25. Be3 Bh6 26. Bd4 Nxd4 27. Rxd4 Bg7 28.
Rd3 b5 29. axb5 axb5 30. cxb5 Qxb5 31. Rbd1 Be5 32. Bg2 Rc3 33. Qf3 Rxd3 34.
Qxd3 Qb6 35. Qf3 Kg7 36. Bf1 Ra8 37. Rd2 Qc5 38. Kg2 Ra1 39. Qd3 Rc1 40. Qb5 Qc3
41. Qd3 Qc6 42. b4 Qa4 43. b5 Bc3 44. Re2 Bd4 45. Rd2 e5 46. Be2 Rc3 47. Qb1 Rb3
48. Qc2 Qb4 49. Qa2 Ra3 50. Qc2 Rc3 51. Qa2 Qc5 52. Bd3 Ra3 53. Qc2 Qb4 54. Rd1
Rc3 55. Qa2 Ra3 56. Qd5 Qb2 57. Kh3 Rxd3 58. Rxd3 Qb1 0-1

[Event "22nd Abu Dhabi Masters"]
[Site "Abu Dhabi UAE"]
[Date "2015.08.29"]
[Round "7.46"]
[White "Zozek,S"]
[Black "Mokal,Amruta Sunil"]
[Result "1-0"]
[WhiteTitle "FM"]
[WhiteElo "2225"]
[BlackElo "2123"]
[WhiteFideId "4803361"]
[BlackFideId "5016371"]
[EventDate "2015.08.23"]

1. d4 Nf6 2. c4 e6 3. Nc3 Bb4 4. e3 O-O 5. Ne2 d5 6. a3 Be7 7. cxd5 exd5 8. Nf4
c6 9. Bd3 b6 10. O-O Ba6 11. Bxa6 Nxa6 12. Qa4 Qc8 13. b4 Bd6 14. Nd3 c5 15. Bb2
c4 16. Ne5 Nc7 17. f4 Qe8 18. Qd1 b5 19. Qf3 a5 20. bxa5 Rxa5 21. g4 Qa8 22. g5
Ne4 23. Nxe4 dxe4 24. Qg2 f5 25. gxf6 Rxf6 26. Kh1 Nd5 27. Rg1 Bf8 28. Rae1 c3
29. Bc1 Ne7 30. Ng4 Rg6 31. Qc2 Qc8 32. Ne5 Rh6 33. Qxe4 Qh3 34. Rg2 Qf5 35. Qf3
Rh3 36. Qb7 Qc8 37. Qb6 Qa6 38. Qc7 Qa7 39. Qxc3 Nd5 40. Qc8 Rh4 41. Qe6+ Kh8
42. Nf7+ 1-0

[Event "22nd Abu Dhabi Masters"]
[Site "Abu Dhabi UAE"]
[Date "2015.08.29"]
[Round "7.47"]
[White "Ghorbani,H"]
[Black "Senthil,Maran K"]
[Result "1-0"]
[WhiteElo "2084"]
[BlackElo "2201"]
[WhiteFideId "12502910"]
[BlackFideId "25035681"]
[EventDate "2015.08.23"]

1. d4 Nf6 2. c4 e6 3. Nf3 d5 4. g3 c6 5. Qc2 Be7 6. Bg2 O-O 7. O-O b6 8. Bf4
Nbd7 9. cxd5 cxd5 10. Bc7 Qe8 11. Nc3 Ba6 12. Bf4 Qc8 13. Rac1 Qb7 14. Rfe1 Rac8
15. Ne5 b5 16. a3 b4 17. axb4 Bxb4 18. Nxd7 Qxd7 19. f3 Bd6 20. Bg5 h6 21. Bxf6
gxf6 22. e4 dxe4 23. fxe4 Rfd8 24. Kh1 Bf8 25. d5 f5 26. exf5 exd5 27. Qf2 Bc4
28. Rcd1 d4 29. Ne4 Bg7 30. Qf4 d3 31. f6 Bf8 32. Nc3 d2 33. Re5 Bb3 34. Rg5+
Kh8 35. Rh5 Kg8 36. Rxh6 Bxh6 37. Qxh6 Qg4 38. Be4 Bd5 39. Qh7+ Kf8 40. Qh8+ Qg8
41. Qh6+ Ke8 42. Bxd5 Rxc3 43. Qxd2 1-0

[Event "22nd Abu Dhabi Masters"]
[Site "Abu Dhabi UAE"]
[Date "2015.08.29"]
[Round "7.48"]
[White "Saleh,Nab"]
[Black "Ahmed,Fareed"]
[Result "1-0"]
[WhiteTitle "FM"]
[WhiteElo "2249"]
[BlackElo "2119"]
[WhiteFideId "9300139"]
[BlackFideId "9303677"]
[EventDate "2015.08.23"]

1. d4 Nf6 2. Nf3 g6 3. Bg5 Bg7 4. Nbd2 O-O 5. c3 d6 6. e3 c6 7. Be2 Nbd7 8. O-O
Qc7 9. h3 Re8 10. Re1 e5 11. dxe5 Nxe5 12. Nd4 a6 13. e4 b5 14. b4 a5 15. a4
axb4 16. cxb4 Qb6 17. axb5 Rxa1 18. Qxa1 c5 19. bxc5 dxc5 20. Nc6 Nxe4 21. Nxe4
Nxc6 22. Nf6+ Bxf6 23. Qxf6 Re6 24. Qa1 Nd4 25. Bf1 Bb7 26. Bc4 Nc2 27. Rxe6
Qxe6 28. Bxe6 Nxa1 29. Bc4 Nc2 30. Be7 Nd4 31. Bxc5 Ne6 32. Be3 Kf8 33. g3 Ke7
34. Kf1 Nc7 35. Ke2 f6 36. Kd3 Kd6 37. f4 Ne6 38. Kc3 Nc5 39. Kb4 Ne4 40. g4 Kc7
41. g5 fxg5 42. fxg5 Bc8 43. h4 1-0

[Event "22nd Abu Dhabi Masters"]
[Site "Abu Dhabi UAE"]
[Date "2015.08.29"]
[Round "7.49"]
[White "Marcos,M"]
[Black "Derakhshani,D"]
[Result "1-0"]
[BlackTitle "WIM"]
[WhiteElo "2104"]
[BlackElo "2192"]
[WhiteFideId "5208840"]
[BlackFideId "12500330"]
[EventDate "2015.08.23"]

1. d4 Nf6 2. Nf3 e6 3. Bg5 h6 4. Bh4 d6 5. Nbd2 g5 6. Bg3 Nh5 7. e3 Bg7 8. Bc4
Nd7 9. c3 Qe7 10. Ng1 Nxg3 11. hxg3 O-O 12. Qh5 Nf6 13. Qe2 e5 14. dxe5 dxe5 15.
e4 Rd8 16. Ngf3 a6 17. a4 Bd7 18. O-O Ng4 19. Nh2 Nxh2 20. Kxh2 Bf8 21. Rfd1 Qf6
22. Nf1 Bc6 23. Bd5 Bc5 24. Bxc6 Qxc6 25. g4 Qf6 26. Kg1 Qf4 27. g3 Qf6 28. Kg2
Qc6 29. Qc4 Rd6 30. Rd5 Rxd5 31. exd5 Qd6 32. Nd2 Ba7 33. Ne4 Qe7 34. Rd1 Kg7
35. d6 cxd6 36. Nxd6 Kf8 37. Nf5 Qc5 38. Qxc5+ Bxc5 39. Rd7 b5 40. b4 Bb6 41. a5
Bd8 42. Nxh6 f6 43. Nf7 Be7 44. Nd6 Rd8 45. Rxd8+ Bxd8 46. Kf3 Ke7 47. Nb7 Bc7
48. Nc5 Bd6 49. Nxa6 Kd7 50. Ke4 Kc6 51. Nc5 1-0

[Event "22nd Abu Dhabi Masters"]
[Site "Abu Dhabi UAE"]
[Date "2015.08.30"]
[Round "8.1"]
[White "Areshchenko,A"]
[Black "Grandelius,N"]
[Result "1-0"]
[WhiteTitle "GM"]
[BlackTitle "GM"]
[WhiteElo "2661"]
[BlackElo "2628"]
[WhiteFideId "14109530"]
[BlackFideId "1710400"]
[EventDate "2015.08.23"]

1. e4 e5 2. Nf3 Nc6 3. Bb5 a6 4. Ba4 Nf6 5. O-O Be7 6. d3 d6 7. c3 O-O 8. Re1 b5
9. Bc2 d5 10. Nbd2 d4 11. h3 Nd7 12. Nf1 Nc5 13. Ng3 a5 14. cxd4 exd4 15. Bf4
Nb4 16. Be5 Nc6 17. Bf4 Nb4 18. Bb1 Ne6 19. Bc1 c5 20. a3 Nc6 21. Ba2 Ba6 22.
Bd5 Rc8 23. Nf5 Bf6 24. Bd2 Ne7 25. Nxe7+ Bxe7 26. Ne5 Qd6 27. f4 Bf6 28. Ng4
Bh4 29. Nh6+ Kh8 30. Nf5 Qd8 31. Rf1 Bf6 32. Qf3 Qd7 33. e5 Bd8 34. Nd6 Rb8 35.
f5 Nc7 36. Bc6 Qe7 37. Rae1 f6 38. Bf4 Rb6 39. g4 fxe5 40. Bxe5 Qh4 41. Bg3 Qf6
42. h4 h6 43. Re2 Bb7 44. Bxb7 Rxd6 45. Be5 Qe7 46. g5 Rb6 47. Bxd4 Qd6 48. Be5
Qd7 49. Rg2 Ne8 50. Be4 Bc7 51. Bxc7 Qxc7 52. f6 gxf6 53. Qh5 f5 54. Rxf5 Qe7
55. Rxf8+ Qxf8 56. Rf2 Qe7 57. Rf7 Ng7 58. Qf3 1-0

[Event "22nd Abu Dhabi Masters"]
[Site "Abu Dhabi UAE"]
[Date "2015.08.30"]
[Round "8.2"]
[White "Jobava,Ba"]
[Black "Prohaszka,P2"]
[Result "1/2-1/2"]
[WhiteTitle "GM"]
[BlackTitle "GM"]
[WhiteElo "2664"]
[BlackElo "2602"]
[WhiteFideId "13601520"]
[BlackFideId "726265"]
[EventDate "2015.08.23"]

1. e4 e5 2. Nf3 Nc6 3. Bb5 a6 4. Ba4 Nf6 5. d3 b5 6. Bb3 Bc5 7. c3 d6 8. O-O O-O
9. Nbd2 h6 10. Re1 Be6 11. h3 Re8 12. Bc2 Bb6 13. b3 b4 14. Bb2 bxc3 15. Bxc3 d5
16. a3 a5 17. exd5 Nxd5 18. Bxe5 Nxe5 19. Rxe5 f6 20. Re1 Nc3 21. Qc1 Bxh3 22.
gxh3 Ne2+ 23. Rxe2 Rxe2 24. d4 Bxd4 25. Be4 Rxe4 26. Nxe4 Bxa1 27. Qxa1 Qd3 28.
Ned2 a4 29. b4 Rd8 30. Qc1 c6 31. Kg2 Qg6+ 32. Kh2 Qd3 33. Kg2 Qg6+ 34. Kh2 Qd3
35. h4 Kh8 36. Kg2 Qg6+ 37. Kh2 Qd3 38. Kg2 Qg6+ 39. Kh1 Qd3 40. Kh2 Kh7 41. Kg2
Qg6+ 42. Kh2 Qd3 1/2-1/2

[Event "22nd Abu Dhabi Masters"]
[Site "Abu Dhabi UAE"]
[Date "2015.08.30"]
[Round "8.3"]
[White "Swiercz,D"]
[Black "Petrosian,TL"]
[Result "1/2-1/2"]
[WhiteTitle "GM"]
[BlackTitle "GM"]
[WhiteElo "2617"]
[BlackElo "2623"]
[WhiteFideId "1126881"]
[BlackFideId "13301616"]
[EventDate "2015.08.23"]

1. d4 d5 2. c4 c6 3. Nf3 Nf6 4. Nc3 dxc4 5. a4 Bf5 6. Ne5 Nbd7 7. Nxc4 Nb6 8.
Ne5 a5 9. h4 e6 10. f3 h6 11. e4 Bh7 12. Be3 Nfd7 13. Nd3 Bd6 14. Ne2 O-O 15.
Qb3 Qe7 16. Nef4 Rfe8 17. Kf2 Bc7 18. Be2 Rab8 19. g4 e5 20. Nxe5 Nxe5 21. dxe5
Qxe5 22. g5 Bxe4 23. fxe4 Qxe4 24. g6 Bxf4 25. gxf7+ Kh8 26. fxe8=Q+ Rxe8 27.
Bxf4 Qxf4+ 28. Bf3 Nd5 29. Rae1 Qd4+ 30. Kg3 Qf4+ 31. Kf2 1/2-1/2

[Event "22nd Abu Dhabi Masters"]
[Site "Abu Dhabi UAE"]
[Date "2015.08.30"]
[Round "8.4"]
[White "Gupta,Ab"]
[Black "Kravtsiv,M"]
[Result "0-1"]
[WhiteTitle "GM"]
[BlackTitle "GM"]
[WhiteElo "2619"]
[BlackElo "2599"]
[WhiteFideId "5010608"]
[BlackFideId "14113147"]
[EventDate "2015.08.23"]

1. d4 d5 2. c4 e6 3. Nc3 Be7 4. Nf3 Nf6 5. Bg5 h6 6. Bh4 O-O 7. e3 Ne4 8. Bxe7
Qxe7 9. Rc1 c6 10. h4 Nd7 11. g4 Nxc3 12. Rxc3 c5 13. cxd5 exd5 14. g5 h5 15.
Bg2 c4 16. O-O b5 17. Nh2 Nb6 18. Qxh5 Bf5 19. Rcc1 Qe6 20. Qf3 Rac8 21. b3 a5
22. bxc4 Rxc4 23. Rxc4 bxc4 24. Rc1 Rc8 25. Nf1 c3 26. Ng3 Bd3 27. Qd1 Bh7 28.
Qf1 Qd6 29. Bh3 Rc4 30. Nf5 Qa3 31. Rc2 Nc8 32. Qg2 Ne7 33. Nxe7+ Qxe7 34. Qxd5
Bxc2 35. Qxc4 Qb4 36. Qc8+ Kh7 37. h5 Qb1+ 38. Kh2 Be4 39. Qxc3 Qh1+ 40. Kg3
Qf3+ 0-1

[Event "22nd Abu Dhabi Masters"]
[Site "Abu Dhabi UAE"]
[Date "2015.08.30"]
[Round "8.5"]
[White "Ghaem Maghami,E"]
[Black "Rapport,R"]
[Result "0-1"]
[WhiteTitle "GM"]
[BlackTitle "GM"]
[WhiteElo "2609"]
[BlackElo "2671"]
[WhiteFideId "12500739"]
[BlackFideId "738590"]
[EventDate "2015.08.23"]

1. d4 d5 2. Nf3 Nf6 3. c4 e6 4. e3 Bd6 5. Nc3 O-O 6. a3 c6 7. Bd3 Nbd7 8. O-O h6
9. h3 Re8 10. Qc2 e5 11. cxd5 cxd5 12. Nb5 Bb8 13. dxe5 Nxe5 14. Nxe5 Rxe5 15.
Bd2 Ne4 16. Ba5 b6 17. f4 Re6 18. Bb4 a5 19. Bd2 Ba6 20. Nd4 Bxd3 21. Qxd3 Rg6
22. Rac1 Qd7 23. Kh2 Bd6 24. Rc2 Re8 25. b4 axb4 26. axb4 Ra8 27. Rfc1 Ra4 28.
Be1 Kh7 29. Qb3 Ra8 30. Kh1 Qb7 31. Rc6 Qa6 32. b5 Qa2 33. Qxa2 Rxa2 34. R6c2
Ra3 35. Re2 Bc5 36. Rd1 Rd6 37. Kh2 Rd7 38. g3 Rda7 39. Kg2 Ra1 40. Rd3 R7a3 41.
Nb3 Bf8 42. Kf3 Rb1 43. Rxd5 Nf6 44. Rd8 Be7 45. Nd2 Rxe1 0-1

[Event "22nd Abu Dhabi Masters"]
[Site "Abu Dhabi UAE"]
[Date "2015.08.30"]
[Round "8.6"]
[White "Akopian,Vl"]
[Black "Gabuzyan,H"]
[Result "1-0"]
[WhiteTitle "GM"]
[BlackTitle "GM"]
[WhiteElo "2647"]
[BlackElo "2593"]
[WhiteFideId "13300032"]
[BlackFideId "13303732"]
[EventDate "2015.08.23"]

1. e4 c5 2. Nf3 d6 3. d4 cxd4 4. Nxd4 Nf6 5. Nc3 a6 6. Be3 e5 7. Nb3 Be6 8. f3
h5 9. Qd2 Nbd7 10. O-O-O Rc8 11. Kb1 Qc7 12. Nd5 Bxd5 13. exd5 g6 14. c4 Bg7 15.
h3 h4 16. Qe1 Nb6 17. Rc1 Na4 18. Be2 Nd7 19. Rc2 Qd8 20. Qa5 Nab6 21. Rd1 O-O
22. c5 dxc5 23. Nxc5 Nxc5 24. Bxc5 Nd7 25. Qxd8 Rfxd8 26. Be7 Rxc2 27. Kxc2 Rc8+
28. Kb3 Bf6 29. d6 Kg7 30. f4 Re8 31. Bg4 Nc5+ 32. Kc4 Bxe7 33. Kxc5 Bd8 34. Bd7
Rh8 35. fxe5 Rh5 36. Rd5 Rh8 37. b4 a5 38. b5 a4 39. Bc8 b6+ 40. Kc6 a3 41. Bg4
Re8 42. Kd7 Rh8 43. Bd1 1-0

[Event "22nd Abu Dhabi Masters"]
[Site "Abu Dhabi UAE"]
[Date "2015.08.30"]
[Round "8.7"]
[White "Gopal,G"]
[Black "Jones,G"]
[Result "1/2-1/2"]
[WhiteTitle "GM"]
[BlackTitle "GM"]
[WhiteElo "2562"]
[BlackElo "2647"]
[WhiteFideId "5015693"]
[BlackFideId "409561"]
[EventDate "2015.08.23"]

1. e4 e5 2. Nf3 Nc6 3. Bb5 a6 4. Ba4 Nf6 5. O-O Bc5 6. c3 b5 7. Bb3 d6 8. d4 Bb6
9. Be3 O-O 10. Nbd2 h6 11. h3 Re8 12. Re1 exd4 13. cxd4 Na5 14. Bc2 Bb7 15. Qb1
Nc4 16. Nxc4 bxc4 17. d5 c6 18. Ba4 Rc8 19. Bxb6 Qxb6 20. Qc2 cxd5 21. Bxe8 dxe4
22. Nd2 Nxe8 23. Nxe4 d5 24. Ng3 g6 25. Rad1 Ng7 26. Qd2 h5 27. Ne2 Ne6 28. Nf4
Nc7 29. Re5 Qd6 30. Rde1 d4 31. h4 Bc6 32. Re7 Nd5 33. R7e4 Nxf4 34. Qxf4 Rd8
35. Qxd6 Rxd6 36. R4e2 Ba4 37. Rd2 d3 38. Re4 Rc6 39. f3 Bc2 40. Kf2 a5 41. Ke3
c3 42. bxc3 Rxc3 43. a4 Ra3 44. Rd4 Ra1 45. Kf4 Kg7 46. g4 Kf6 47. Re4 Rb1 48.
g5+ Kg7 49. Ke3 Ra1 50. Rd4 Re1+ 51. Kf2 Ra1 52. Ke3 Kf8 53. Re4 Ra3 54. f4 Ra1
55. f5 gxf5 56. Rf4 Re1+ 57. Kd4 Bxa4 58. Rxf5 Bc2 59. Rdf2 d2 60. Rxf7+ Ke8 61.
Rf8+ Ke7 62. R8f7+ Ke8 63. Rf8+ Ke7 1/2-1/2

[Event "22nd Abu Dhabi Masters"]
[Site "Abu Dhabi UAE"]
[Date "2015.08.30"]
[Round "8.9"]
[White "Belous,V"]
[Black "Sjugirov,S"]
[Result "0-1"]
[WhiteTitle "GM"]
[BlackTitle "GM"]
[WhiteElo "2566"]
[BlackElo "2664"]
[WhiteFideId "4174003"]
[BlackFideId "4189302"]
[EventDate "2015.08.23"]

1. c4 g6 2. d4 Nf6 3. Nc3 d5 4. cxd5 Nxd5 5. e4 Nxc3 6. bxc3 Bg7 7. Qa4+ Nd7 8.
Nf3 O-O 9. Be2 c5 10. O-O a6 11. Qa3 b6 12. Rd1 Qc7 13. e5 Bb7 14. Bg5 Rfc8 15.
Qc1 b5 16. a4 bxa4 17. Qa3 e6 18. Qxa4 Nb6 19. Qa5 Nd5 20. Rdc1 Qxa5 21. Rxa5
cxd4 22. cxd4 Bf8 23. Rxc8 Rxc8 24. Bd2 Bb4 25. Bxb4 Nxb4 26. Ra1 Rc2 27. Kf1
Bd5 28. Ne1 Rd2 29. Nf3 Bxf3 30. gxf3 Rxd4 31. Bxa6 Nc6 32. Re1 Rb4 33. Kg2 Kg7
34. Kg3 g5 35. Bd3 h5 36. Kg2 Rb3 37. Re3 Ne7 38. Bc2 Rb2 39. Be4 Rb5 40. Bd3
Ra5 41. Be4 Rxe5 42. Ra3 f5 43. Bd3 Ng6 44. Kf1 Kf6 45. Ra6 Nf4 46. Bc4 Rc5 47.
Ra4 Ng6 48. Ke2 Ne5 49. Bd3 Rc3 50. Rd4 Ra3 51. h4 Rxd3 0-1

[Event "22nd Abu Dhabi Masters"]
[Site "Abu Dhabi UAE"]
[Date "2015.08.30"]
[Round "8.10"]
[White "Kuzubov,Y"]
[Black "Salem,AR"]
[Result "0-1"]
[WhiteTitle "GM"]
[BlackTitle "GM"]
[WhiteElo "2638"]
[BlackElo "2595"]
[WhiteFideId "14112906"]
[BlackFideId "9301348"]
[EventDate "2015.08.23"]

1. d4 Nf6 2. Bg5 Ne4 3. Bf4 c5 4. f3 Qa5+ 5. c3 Nf6 6. Nd2 cxd4 7. Nb3 Qb6 8.
Qxd4 Nc6 9. Qxb6 axb6 10. Bg3 g6 11. Bf2 Bh6 12. Nh3 d6 13. e3 Nd5 14. Kd2 e5
15. Be2 Be6 16. Rhd1 O-O 17. c4 Nde7 18. Bd3 Nb4 19. a3 Nxd3 20. Kxd3 b5 21. Nd2
bxc4+ 22. Nxc4 Ra6 23. Rac1 Nc6 24. Nxd6 Rd8 25. Ke2 Nd4+ 26. exd4 Bxc1 27. Nxb7
Rc8 28. d5 Bd7 29. Bc5 Bxb2 30. Ng5 Rc7 0-1

[Event "22nd Abu Dhabi Masters"]
[Site "Abu Dhabi UAE"]
[Date "2015.08.30"]
[Round "8.11"]
[White "Iturrizaga,E"]
[Black "Esen,B"]
[Result "1-0"]
[WhiteTitle "GM"]
[BlackTitle "GM"]
[WhiteElo "2625"]
[BlackElo "2567"]
[WhiteFideId "3901211"]
[BlackFideId "6302114"]
[EventDate "2015.08.23"]

1. Nf3 Nf6 2. c4 g6 3. Nc3 Bg7 4. g3 O-O 5. Bg2 d6 6. d4 Nc6 7. O-O e5 8. dxe5
dxe5 9. Bg5 Be6 10. Qa4 h6 11. Bxf6 Bxf6 12. e3 Bg7 13. Rfd1 Qe8 14. Nd5 Qb8 15.
Nd2 f5 16. Nb3 e4 17. Nc5 Bc8 18. Na6 bxa6 19. Qxc6 Kh7 20. Nxc7 Bb7 21. Qd7 Rd8
22. Qe7 Rxd1+ 23. Rxd1 Qf8 24. Rd7 Bc6 25. Ne6 1-0

[Event "22nd Abu Dhabi Masters"]
[Site "Abu Dhabi UAE"]
[Date "2015.08.30"]
[Round "8.12"]
[White "Rakhmanov,Ale"]
[Black "Czebe,A"]
[Result "1-0"]
[WhiteTitle "GM"]
[BlackTitle "GM"]
[WhiteElo "2620"]
[BlackElo "2439"]
[WhiteFideId "4173708"]
[BlackFideId "705268"]
[EventDate "2015.08.23"]

1. Nf3 g6 2. e4 d6 3. d4 Nf6 4. Bd3 Bg7 5. c3 O-O 6. O-O c6 7. h3 Qc7 8. e5 dxe5
9. Nxe5 Nbd7 10. Bf4 Nd5 11. Nxd7 Qxd7 12. Bh2 b6 13. Nd2 Bb7 14. Nf3 Rad8 15.
Qa4 a6 16. Rad1 c5 17. Qxd7 Rxd7 18. Ne5 Bxe5 19. dxe5 Rfd8 20. Be2 Nc7 21. Rxd7
Rxd7 22. Bf4 Kf8 23. h4 Bd5 24. Ra1 h5 25. Be3 Be6 26. f3 Bf5 27. Kf2 Bd3 28.
Rd1 Bb5 29. Rxd7 Bxd7 30. g4 hxg4 31. fxg4 a5 32. h5 gxh5 33. gxh5 Bf5 34. Bh6+
Kg8 35. Bg5 Kf8 36. Bf3 Ne6 37. Be3 Kg7 38. Kg3 f6 39. exf6+ Kxf6 40. Kh4 b5 41.
a3 b4 42. axb4 axb4 43. cxb4 cxb4 44. Bd1 Bd3 45. Bd2 Nd4 46. Bxb4 Nf5+ 47. Kh3
e5 48. Bc3 Bf1+ 49. Kh2 Bb5 50. Bg4 Nd6 51. Bf3 Be8 52. Kh3 Nf5 53. Bg4 Ne3 54.
Bd2 Nc4 55. Bc1 e4 56. b3 Na5 57. b4 Nc4 58. Kg3 Nb6 59. Be2 Nd5 60. b5 e3 61.
Bf3 Bxb5 62. Bxd5 Be2 63. h6 1-0

[Event "22nd Abu Dhabi Masters"]
[Site "Abu Dhabi UAE"]
[Date "2015.08.30"]
[Round "8.13"]
[White "Vaibhav,S"]
[Black "Onischuk,V"]
[Result "1/2-1/2"]
[WhiteTitle "GM"]
[BlackTitle "GM"]
[WhiteElo "2552"]
[BlackElo "2618"]
[WhiteFideId "5045185"]
[BlackFideId "14114038"]
[EventDate "2015.08.23"]

1. e4 d6 2. d4 Nf6 3. Nc3 g6 4. Be3 c6 5. h3 Nbd7 6. a4 Qa5 7. Qd2 Bg7 8. Nf3
O-O 9. Be2 e5 10. O-O exd4 11. Bxd4 Ne5 12. Qe3 Re8 13. Rab1 Nfd7 14. Rfd1 Qd8
15. Nxe5 dxe5 16. Bc5 Qh4 17. Bd6 Nf8 18. Bc4 Be6 19. Bxf8 Bxf8 20. Bxe6 Rxe6
21. Rd7 b6 22. Qe2 a5 23. Rbd1 Rf6 24. R1d3 Re8 25. Nd1 Bc5 26. Kh2 Bxf2 27. g3
Qh5 28. Qxh5 gxh5 29. Kg2 Bc5 30. h4 Ree6 31. b3 Kf8 32. Rd8+ Re8 33. R8d7 Ree6
34. Rd2 Rg6 35. Rd8+ Kg7 36. R8d3 Rg4 37. Re2 Reg6 38. Kh3 Rf6 39. Kg2 Rff4 40.
Nc3 Bd4 41. Kh3 Rf1 42. Nd1 Rh1+ 43. Kg2 Rhxh4 44. c3 Bc5 45. b4 axb4 46. cxb4
Bxb4 47. Ne3 Rg5 48. Nf5+ Rxf5 49. gxh4 Rf4 50. Rg3+ Kf8 51. Rg5 f6 52. Rxh5 Kg7
53. Rf5 Rxh4 54. Kg3 Rh1 55. Rc2 c5 56. Kg2 Ra1 57. Rcf2 Be1 58. Rf1 Ra2+ 59.
Kh3 Ra3+ 60. Kg4 Rg3+ 61. Kh5 Rh3+ 62. Kg4 Rh4+ 63. Kf3 Bd2 64. Rd1 Bg5 65. Rd7+
Kg6 66. Rd6 Rh3+ 67. Kg4 Rh4+ 68. Kf3 h5 69. Rxb6 Rh3+ 70. Kg2 Ra3 71. Rxe5 Rxa4
72. Rc6 Ra2+ 73. Kh1 Re2 74. Rexc5 Rxe4 75. Rc4 Re3 76. Rc3 Re1+ 77. Kg2 h4 78.
Rf3 Re4 1/2-1/2

[Event "22nd Abu Dhabi Masters"]
[Site "Abu Dhabi UAE"]
[Date "2015.08.30"]
[Round "8.16"]
[White "Debashis,D"]
[Black "Sumets,A"]
[Result "1-0"]
[WhiteTitle "GM"]
[BlackTitle "GM"]
[WhiteElo "2489"]
[BlackElo "2596"]
[WhiteFideId "5024854"]
[BlackFideId "14105500"]
[EventDate "2015.08.23"]

1. e4 c6 2. d4 d5 3. e5 Bf5 4. Nf3 e6 5. Be2 c5 6. Be3 cxd4 7. Nxd4 Ne7 8. Nd2
Nbc6 9. N2f3 Bg4 10. O-O Bxf3 11. Nxf3 Nf5 12. Bf4 Bc5 13. Bd3 h6 14. c3 Qd7 15.
b4 Bb6 16. Bxf5 exf5 17. e6 Qd8 18. b5 Ne7 19. exf7+ Kxf7 20. Ne5+ Kg8 21. Re1
Qe8 22. Ng6 Qxg6 23. Rxe7 Rd8 24. Be5 Rh7 25. a4 f4 26. Rxb7 Qe4 27. Bd4 g5 28.
Bxb6 axb6 29. Rxb6 d4 30. cxd4 Rhd7 31. h3 Rxd4 32. Qh5 R4d6 33. Rxd6 Rxd6 34.
Qf3 Qd4 35. Qb3+ Kg7 36. Rb1 f3 37. Qb2 1-0

[Event "22nd Abu Dhabi Masters"]
[Site "Abu Dhabi UAE"]
[Date "2015.08.30"]
[Round "8.17"]
[White "Vovk,Y"]
[Black "Gaponenko,I"]
[Result "1-0"]
[WhiteTitle "GM"]
[BlackTitle "IM"]
[WhiteElo "2624"]
[BlackElo "2402"]
[WhiteFideId "14113171"]
[BlackFideId "14101181"]
[EventDate "2015.08.23"]

1. d4 Nf6 2. c4 g6 3. Nc3 Bg7 4. e4 d6 5. f3 O-O 6. Nge2 a6 7. Be3 Nc6 8. Qd2
Na5 9. Nc1 e6 10. Be2 b6 11. b4 Nc6 12. b5 axb5 13. cxb5 Na5 14. O-O Bb7 15. Bd3
d5 16. e5 Nd7 17. N1e2 f6 18. exf6 Qxf6 19. Rae1 c5 20. bxc6 Bxc6 21. Nb5 e5 22.
Qb4 Qf7 23. Rc1 Rfd8 24. Bg5 Bf6 25. Bxf6 Qxf6 26. Rfd1 Kg7 27. Kh1 e4 28. fxe4
dxe4 29. Rf1 Qg5 30. Nf4 Qg4 31. Qe7+ Kh6 32. Ne6 Rg8 33. Rf4 1-0

[Event "22nd Abu Dhabi Masters"]
[Site "Abu Dhabi UAE"]
[Date "2015.08.30"]
[Round "8.19"]
[White "Visakh,N R"]
[Black "Romanov,E"]
[Result "0-1"]
[BlackTitle "GM"]
[WhiteElo "2411"]
[BlackElo "2586"]
[WhiteFideId "25012223"]
[BlackFideId "4148843"]
[EventDate "2015.08.23"]

1. d4 Nf6 2. c4 e6 3. Nf3 b6 4. g3 Ba6 5. b3 Bb7 6. Bg2 Bb4+ 7. Bd2 a5 8. a3 Be7
9. Nc3 d5 10. O-O O-O 11. Bf4 Nbd7 12. Ne5 Re8 13. Qc2 Nf8 14. Rfd1 Rc8 15. Nb5
c5 16. Na7 Rc7 17. dxc5 bxc5 18. cxd5 exd5 19. Nd3 Ba6 20. Bxc7 Qxc7 21. Nf4
Qxa7 22. Nxd5 Nxd5 23. Bxd5 a4 24. Rac1 axb3 25. Qxb3 Bf6 26. Qa4 Re7 27. e3 h6
28. Bc4 Bc8 29. Qxa7 Rxa7 30. Bb5 Bg4 31. Re1 Ne6 32. a4 Ng5 33. Be2 Nf3+ 34.
Bxf3 Bxf3 35. Rxc5 Rxa4 36. Rec1 Bb2 37. R5c4 Ra6 38. Rb1 g5 39. Rb4 Be5 40. Rb5
f6 41. R5b4 Kg7 42. Rc4 Kg6 43. Rbc1 Kf5 44. Rb4 h5 45. h4 Ra2 46. Rbc4 Be4 47.
hxg5 fxg5 48. Rc5 Bf3 49. R5c4 Ra7 50. Rb4 Ra6 51. Kf1 Rd6 52. Kg1 Rd5 53. Rbc4
Rb5 54. Ra4 Rb2 55. Rac4 Rb6 56. Ra4 Rb7 57. Kf1 Be4 58. Kg1 g4 59. Ra5 Bf3 60.
Kf1 Ke4 61. Kg1 Bb2 62. Rb1 Kd3 63. Rxh5 Kc2 64. Rf1 Bc3 65. Rh4 Kd2 66. Rh5 Ke2
67. Rh4 Be1 68. Rh2 Rb1 69. e4 Rb5 70. e5 Rxe5 71. Rh8 Re7 72. Rh4 Kd2 73. Rh2
Rd7 74. Rh5 Be2 75. Re5 Kd1 76. Re4 Rd2 77. Rf4 Bxf1 78. Kxf1 Rxf2+ 79. Kg1 0-1

[Event "22nd Abu Dhabi Masters"]
[Site "Abu Dhabi UAE"]
[Date "2015.08.30"]
[Round "8.21"]
[White "Timofeev,Arty"]
[Black "Anand,N"]
[Result "1/2-1/2"]
[WhiteTitle "GM"]
[BlackTitle "FM"]
[WhiteElo "2542"]
[BlackElo "2025"]
[WhiteFideId "4140419"]
[BlackFideId "25009141"]
[EventDate "2015.08.23"]

1. d4 Nf6 2. c4 e6 3. Nc3 Bb4 4. f3 d5 5. a3 Bxc3+ 6. bxc3 c5 7. cxd5 exd5 8. e3
c4 9. Ne2 O-O 10. g4 Nc6 11. Bg2 Na5 12. O-O Nb3 13. Ra2 b5 14. Ng3 a5 15. g5
Ne8 16. e4 Nxc1 17. Qxc1 Nc7 18. e5 Ra6 19. f4 b4 20. f5 bxc3 21. a4 Rb6 22. Qf4
Rb2 23. Ra3 c2 24. Nh5 Ne8 25. Rc3 Rb1 26. Rxc2 Rxf1+ 27. Bxf1 Qb6 28. Bg2 Bxf5
29. Qxf5 Qb1+ 30. Bf1 g6 31. Qf2 gxh5 32. Rb2 Qc1 33. Rb5 Nc7 34. Rxa5 Ne6 35.
Ra6 Rc8 36. Qf5 1/2-1/2